Kybernetika a řízení

Na minha lista:
Detalhes bibliográficos
Autor principal: Beer, Stafford
Formato: Livro
Idioma:tcheco
Publicado em: Praha Svoboda 1966
Colecção:Instituce a společnost
Tags: Adicionar Tag
Sem tags, seja o primeiro a adicionar uma tag!

MARC

LEADER 00000nam a2200000 4500
001 c122685
005 20250127100835.2
041 0 |a cze 
044 |a CZ 
245 1 0 |a Kybernetika a řízení  |c Stafford Beer ; [Z angl. orig. přel. Karel Berka] 
264 1 |a Praha  |b Svoboda  |c 1966 
300 |a 224 s. 
490 1 |a Instituce a společnost 
830 0 |a Instituce a společnost 
100 1 |a Beer, Stafford